Всероссийская сельско-хозяйственная и кустарно-промышленная выставка с иностранным отделом : (Record no. 480961)
[ view plain ]
| 000 -LEADER | |
|---|---|
| fixed length control field | 00997nam a22002177a 4500 |
| 003 - CONTROL NUMBER IDENTIFIER | |
| control field | AM-YeHGA |
| 040 ## - CATALOGING SOURCE | |
| Original cataloging agency | AM-YeHGA |
| 090 ## - LOCALLY ASSIGNED LC-TYPE CALL NUMBER (OCLC); LOCAL CALL NUMBER (RLIN) | |
| -- | 484309 |
| 001 - CONTROL NUMBER | |
| control field | 008142106 |
| 005 - DATE AND TIME OF LATEST TRANSACTION | |
| control field | 20250617161950.0 |
| 008 - FIXED-LENGTH DATA ELEMENTS--GENERAL INFORMATION | |
| fixed length control field | 190114b ||||| |||| 00| 0 eng d |
| 041 0# - LANGUAGE CODE | |
| Language code of text/sound track or separate title | rus |
| 111 2# - MAIN ENTRY--MEETING NAME | |
| Meeting name or jurisdiction name as entry element | Всероссийская сельскохозяйственная и кустарно-промышленная выставка |
| Date of meeting or treaty signing | (1922; |
| Location of meeting | Москва) |
| 245 00 - TITLE STATEMENT | |
| Title | Всероссийская сельско-хозяйственная и кустарно-промышленная выставка с иностранным отделом : |
| Remainder of title | Материалы и документы |
| 260 ## - PUBLICATION, DISTRIBUTION, ETC. | |
| Place of publication, distribution, etc. | Москва : |
| Name of publisher, distributor, etc. | Выстав. ком., |
| Date of publication, distribution, etc. | 1922- |
| 300 ## - PHYSICAL DESCRIPTION | |
| Extent | выпуск |
| 505 1# - FORMATTED CONTENTS NOTE | |
| Miscellaneous information | Вып. 1 (1922; 49 с.) |
| 653 0# - INDEX TERM--UNCONTROLLED | |
| Uncontrolled term | Сельскохозяйственные выставки |
| 856 41 - ELECTRONIC LOCATION AND ACCESS | |
| Electronic format type | application/pdf |
| Uniform Resource Identifier | <a href="http://dlib.rsl.ru/rsl01008000000/rsl01008142000/rsl01008142106/rsl01008142106.pdf">http://dlib.rsl.ru/rsl01008000000/rsl01008142000/rsl01008142106/rsl01008142106.pdf</a> |
| 942 ## - ADDED ENTRY ELEMENTS (KOHA) | |
| Source of classification or shelving scheme | Universal Decimal Classification |
| Koha item type | Գրքեր / Books |
| Withdrawn status | Lost status | Damaged status | Not for loan | Collection | Home library | Current library | Date acquired | Serial enumeration / chronology | Total checkouts | Full call number | Barcode | Date last seen | Price effective from | Koha item type | Public note |
|---|---|---|---|---|---|---|---|---|---|---|---|---|---|---|---|
| General | Fundamental Scientific Library | Fundamental Scientific Library | 14/01/2019 | Вып. 1 | РД II/31315 | FL0541950 | 14/01/2019 | 14/01/2019 | Գրքեր / Books | 30 Days Loan |
ՀՀ Գիտությունների ազգային ակադեմիայի հիմնարար գիտական գրադարան = Fundamental Scientific Library of NAS RA
All site content, except where otherwise noted, is licensed under a